| 000 | 00794nam a2200241Ia 4500 | ||
|---|---|---|---|
| 001 | dia_4429 | ||
| 003 | CHAP | ||
| 005 | 20251014152131.0 | ||
| 008 | 220601s9999 xx 000 0 und d | ||
| 040 |
_amxchpua _erda |
||
| 090 | _aFolleto 2347 | ||
| 100 |
_aSistema Nacional Para El Abasto. México _9147856 |
||
| 245 | _aModulos De Abasto; Normas De Planeación / Sistema Nacional Para El Abasto | ||
| 260 | _aMéxico : Sistema Nacional Para El Abasto | ||
| 300 | _a36 p. | ||
| 500 | _aS/C | ||
| 650 |
_a1. Abasto _9176051 |
||
| 700 |
_aSecretaría de Desarrollo Urbano y Ecológicoii. ecretaría De Comercio y Fomento IndustrialÌ _9176052 |
||
| 901 | _aFOLLETO 2347 | ||
| 902 | _aM | ||
| 905 | _a0000001984 mx 0000000000spa00 | ||
| 942 |
_cFOLL _2local |
||
| 999 |
_c209499 _d209499 |
||